000 00888nam a2200217 i 4500
001 52001
003 ES-MaACL
005 20251014063116.0
007 t|
008 201027s1885 sp ||||1| spa d
100 1 _aCanella y Secades, Fermín,
_d1849-1924
_934478
245 1 0 _aLápidas conmemorativas de las glorias asturianas, colocadas en el Salón de Sesiones del Excmo. Ayuntamiento de la ciudad de Oviedo el día 4 de junio de 1885.
260 _a[S.l.] :
_b[s.n.],
_cimp. 1885 (
_eOviedo :
_fImp. y Lit. de Vicente Brid)
300 _a43 p. ;
_c21 cm.
594 _aAutor (colofón): Fermín Canella.
594 _aEn ficha biblioteca Ateneo figura: José Longoria Carvajal.
651 4 _aOviedo-
_xHistoria-
_yS.XIX.
_9170570
651 4 _aEspaña-
_xHistoria-
_y1808-1814, Guerra de la Independencia
_98244
852 _aES-MaACL
_jT-371-F-5
999 _c52001
_d52001